000 00499cam a22002054a 4500
005 20250605164313.0
008 250528s ||||||||||||||||||||||||d
035 _a22586
020 _a9781412906449
040 _aGR-AtMCL
_bgre
_dGR-AtMCL
_eAACR2
245 1 _aBASICS OF QUALITATIVE RESEARCH
250 _a3
260 _bSage Publications,
_c2008
300 _a378
700 1 _aAnselm Strauss
_98356
700 1 _aJuliet Corbin
_98357
942 _cBK
999 _c7634
_d7634